[Event "Championship Moscow 2019"]
[Site "?Ð"]
[Date "2019.04.01"]
[Round "3.24"]
[White "Zurabian, Vage"]
[Black "Trusov, Mikhail"]
[Result "0-1"]
[WhiteElo "1842"]
[BlackElo "2143"]
[PlyCount "112"]
[EventDate "2019.03.30"]

1. c4 e5 2. g3 Nf6 3. Bg2 Nc6 4. Nc3 Bc5 5. Nf3 d6 6. O-O O-O 7. d3 h6 8. a3 a5
9. h3 Re8 10. Ne1 Be6 11. Nd5 Nh7 12. Nc2 Ne7 13. e4 c6 14. Nxe7+ Qxe7 15. a4
Qd7 16. Kh2 f5 17. Qe2 Rad8 18. Bd2 Qc7 19. Bc3 fxe4 20. dxe4 Bc8 21. Rad1 b6
22. Rfe1 Rf8 23. f3 Ng5 24. h4 Ne6 25. Bh3 Qf7 26. Rf1 Rde8 27. Bd2 Qe7 28. Be3
Nf4 29. gxf4 Qxh4 30. Qg2 Bxe3 31. Nxe3 Bxh3 32. Qxh3 Qxf4+ 33. Qg3 Qxe3 34.
Rxd6 Rf7 35. Rxc6 Rd8 36. Rf2 Rd2 37. Kg2 Rfd7 38. Rxd2 Rxd2+ 39. Kh3 Rd1 40.
Kh2 Qd2+ 41. Qg2 Qf4+ 42. Kh3 Rd3 43. Rg6 Rxf3+ 44. Rg3 Rxg3+ 45. Qxg3 Qxg3+
46. Kxg3 Kf7 47. Kg4 Ke6 48. Kh5 g5 49. Kg4 Kf6 50. Kh5 Kg7 51. b4 axb4 52. c5
b3 53. c6 b2 54. c7 b1=Q 55. c8=Q Qd1+ 56. Qg4 Qh1+ 0-1

[Event "Championship Moscow 2019"]
[Site "?Ð"]
[Date "2019.04.01"]
[Round "3.25"]
[White "Kireev, Igor"]
[Black "Spichkin, Alexander"]
[Result "1/2-1/2"]
[WhiteElo "1673"]
[BlackElo "2106"]
[PlyCount "137"]
[EventDate "2019.03.30"]

1. e4 g6 2. d4 Bg7 3. Nc3 d6 4. Be3 a6 5. Qd2 b5 6. f3 Bb7 7. h4 h6 8. O-O-O
Nd7 9. Nh3 e6 10. a3 c6 11. h5 g5 12. f4 a5 13. fxg5 b4 14. Nb1 Rb8 15. g6 fxg6
16. Nf4 Nf8 17. hxg6 Nf6 18. Nh5 Nxh5 19. Rxh5 Nxg6 20. Be2 Qb6 21. a4 Ba6 22.
Bxa6 Qxa6 23. g4 c5 24. dxc5 Ne5 25. Qxd6 Qxd6 26. cxd6 Nxg4 27. Ba7 Rb7 28.
Rxa5 Be5 29. Bc5 Kd7 30. Rb5 Rxb5 31. axb5 Bf4+ 32. Nd2 h5 33. Rf1 e5 34. Kd1
h4 35. Nc4 h3 36. Ke2 h2 37. Rh1 Nf6 38. Bxb4 Nxe4 39. Be1 Rg8 40. Bf2 Ke6 41.
b6 Kd5 42. b3 Kc6 43. Kf3 Ng5+ 44. Kg4 Nf7+ 45. Kf3 Nh6 46. Ne3 Kxd6 47. Ng2
Rf8 48. Nxf4 Rxf4+ 49. Kg2 Ng4 50. Bg3 Ne3+ 51. Kxh2 Rf7 52. c4 Rf3 53. Re1 Kc6
54. Re2 e4 55. Bc7 Kb7 56. b4 Ng4+ 57. Kg2 Ne3+ 58. Kh2 Nxc4 59. Rxe4 Rc3 60.
Re7 Rb3 61. Bd8+ Kb8 62. b7 Ka7 63. Rd7 Rxb4 64. Be7 Rb2+ 65. Kh3 Rb3+ 66. Kh2
Ka6 67. Bd6 Rxb7 68. Rxb7 Kxb7 69. Kg2 1/2-1/2

[Event "Championship Moscow 2019"]
[Site "?Ð"]
[Date "2019.04.01"]
[Round "3.26"]
[White "Paldyaev, Vladislav"]
[Black "Khmelev, Mikhail"]
[Result "0-1"]
[WhiteElo "1756"]
[BlackElo "1995"]
[PlyCount "130"]
[EventDate "2019.03.30"]

1. d4 e6 2. Nf3 Nf6 3. g3 b6 4. Bg2 Bb7 5. O-O c5 6. c4 cxd4 7. Qxd4 Bc5 8. Qc3
O-O 9. b4 Be7 10. Bb2 Na6 11. a3 Rc8 12. Nbd2 Qc7 13. Rac1 Ne8 14. Qd3 Bf6 15.
Bxf6 Nxf6 16. e4 e5 17. Ne1 Nb8 18. Nc2 Nc6 19. Nb3 a5 20. b5 Nd8 21. Ne3 Ne6
22. Nd5 Bxd5 23. cxd5 Nc5 24. Nxc5 bxc5 25. Qc4 d6 26. Rb1 Rb8 27. Rb2 Nd7 28.
Rc1 Nb6 29. Qc2 Qd7 30. Qd2 Na4 31. Rb3 Rxb5 32. Re3 Qa7 33. Bf1 Rb7 34. Qc2
Nb6 35. a4 Na8 36. Bb5 Nc7 37. Bc6 Rb4 38. f4 c4 39. Qf2 Qd4 40. Re2 c3 41. Qe3
Rc4 42. Kf2 Rb8 43. fxe5 Qxe5 44. Kf3 Rc5 45. Rec2 Rb3 46. Qf4 Qxf4+ 47. gxf4
Kf8 48. Ke3 Na6 49. Kd4 Rb2 50. Rxc3 Rd2+ 51. Ke3 Rxc3+ 52. Rxc3 Rxh2 53. e5
Rh3+ 54. Kd4 Rxc3 55. Kxc3 Ke7 56. Bb5 Nc7 57. Kd4 h6 58. Be2 g5 59. fxg5 hxg5
60. Bf3 dxe5+ 61. Kxe5 f6+ 62. Kf5 Ne8 63. Kg6 Nd6 64. Bg4 Nc4 65. Bf3 Ne5+ 0-1

[Event "Championship Moscow 2019"]
[Site "?Ð"]
[Date "2019.04.01"]
[Round "3.27"]
[White "Anfinogenov, Artem"]
[Black "Pak, Nikita"]
[Result "1-0"]
[WhiteElo "2065"]
[BlackElo "1916"]
[PlyCount "79"]
[EventDate "2019.03.30"]

1. d4 Nf6 2. c4 g6 3. f3 d5 4. cxd5 Nxd5 5. e4 Nb6 6. Nc3 Bg7 7. Be3 e6 8. Qd2
Nc6 9. O-O-O O-O 10. h4 Qe7 11. h5 Rd8 12. hxg6 hxg6 13. Bg5 f6 14. Be3 Na5 15.
Qf2 Nac4 16. Bh6 Qb4 17. Rd3 Bd7 18. Nb1 Qa5 19. b3 Bxh6+ 20. Rxh6 Qg5+ 21. f4
Qxh6 22. bxc4 e5 23. Nd2 exf4 24. c5 Na4 25. Rf3 g5 26. g3 fxg3 27. Rxg3 b6 28.
Ngf3 bxc5 29. Bc4+ Kg7 30. e5 Rf8 31. e6 Bc6 32. d5 Bb7 33. Qe3 Rh8 34. Nxg5
Qh1+ 35. Rg1 Qh5 36. Nf7+ Kh7 37. Bd3+ f5 38. Qe5 Rhg8 39. Bxf5+ Rg6 40. Bxg6+
1-0

[Event "Championship Moscow 2019"]
[Site "?Ð"]
[Date "2019.04.01"]
[Round "3.28"]
[White "Zverev, Lev"]
[Black "Israfilov, Ali"]
[Result "0-1"]
[WhiteElo "1703"]
[BlackElo "1792"]
[PlyCount "100"]
[EventDate "2019.03.30"]

1. e4 e5 2. Nf3 Nc6 3. Bb5 a6 4. Ba4 Nf6 5. d3 d6 6. c3 g6 7. Nbd2 Bg7 8. O-O
O-O 9. Re1 Nh5 10. Nf1 Nf4 11. Bxf4 exf4 12. d4 g5 13. Qd3 g4 14. N3d2 Qg5 15.
Kh1 Qh5 16. Rad1 Bd7 17. Bc2 Ne7 18. Kg1 Ng6 19. Rc1 Rad8 20. f3 c5 21. fxg4
Bxg4 22. h3 Bd7 23. Bd1 Qh6 24. Nf3 Bb5 25. c4 Bc6 26. d5 Bd7 27. N1h2 Nh4 28.
Rc2 Rfe8 29. Rce2 Ng6 30. Rf1 Re7 31. Ng4 Bxg4 32. hxg4 Ne5 33. Nxe5 Bxe5 34.
Qh3 Qxh3 35. gxh3 b5 36. b3 bxc4 37. bxc4 Rb8 38. Bb3 a5 39. Rf3 Reb7 40. Ba4
Rb2 41. Rxb2 Rxb2 42. Bb3 Bd4+ 43. Kf1 Be3 44. Ke1 Kg7 45. g5 Kg6 46. h4 Kh5
47. Kd1 Kg4 48. Rf1 f3 49. Bc2 Rxa2 50. Bb1 Rd2+ 0-1

[Event "Championship Moscow 2019"]
[Site "?Ð"]
[Date "2019.04.01"]
[Round "3.29"]
[White "Akhmedov, David"]
[Black "Teiitbaev, Aktilek"]
[Result "0-1"]
[WhiteElo "1657"]
[BlackElo "2193"]
[PlyCount "90"]
[EventDate "2019.03.30"]

1. e4 c5 2. Nf3 d6 3. g3 Nc6 4. Bg2 g6 5. O-O Bg7 6. Re1 e5 7. d3 Nf6 8. c3 O-O
9. a3 d5 10. exd5 Nxd5 11. Nbd2 Re8 12. Nc4 Bf5 13. Nh4 Be6 14. Nf3 f6 15. Qe2
Qd7 16. Bd2 b5 17. Ne3 Nb6 18. Red1 Bb3 19. Rf1 Rad8 20. Ne1 e4 21. Bxe4 Rxe4
22. dxe4 Qxd2 23. Qxb5 Ba4 24. Qa6 Qxb2 25. Nd3 Qb5 26. Qxb5 Bxb5 27. c4 Nxc4
28. Rfb1 Nxe3 29. Rxb5 Nc2 30. Rd1 c4 31. Nb2 Rxd1+ 32. Nxd1 Bf8 33. a4 N2d4
34. Rb7 Bb4 35. Ne3 c3 36. Rc7 Ba5 37. Rc8+ Kf7 38. f4 Ke6 39. h4 h5 40. g4
hxg4 41. f5+ Kd7 42. Rg8 Ne7 43. Rg7 Bb6 44. Kh1 Ndxf5 45. h5 Bxe3 0-1

[Event "Championship Moscow 2019"]
[Site "?Ð"]
[Date "2019.04.01"]
[Round "3.30"]
[White "Alekseev, Mikhail"]
[Black "Makarenko, Aleksandr"]
[Result "0-1"]
[WhiteElo "1879"]
[BlackElo "2215"]
[PlyCount "86"]
[EventDate "2019.03.30"]

1. d4 Nf6 2. Nf3 g6 3. g3 Bg7 4. Bg2 d6 5. O-O O-O 6. c4 c6 7. Nc3 Qa5 8. a3
Bg4 9. b4 Qc7 10. Bb2 e5 11. dxe5 dxe5 12. Qc2 Nbd7 13. Rad1 Rfe8 14. e4 Nf8
15. h3 Bxf3 16. Bxf3 Ne6 17. Ne2 c5 18. b5 Nd4 19. Nxd4 cxd4 20. a4 Nd7 21. Ba3
Bf8 22. Bxf8 Rxf8 23. Be2 Nc5 24. Ra1 Rad8 25. Bd3 Qa5 26. Rfd1 Kg7 27. Ra2 Rd6
28. Qd2 Qxd2 29. Rdxd2 Rc8 30. Rac2 a5 31. f3 b6 32. Rc1 Nxa4 33. Kf2 Nc5 34.
Rcc2 Rd7 35. Ke2 Rdc7 36. Rd1 Na4 37. Ra1 Nc5 38. Ra3 Kf6 39. Rc1 Ke6 40. Rc2
h5 41. Rc1 f5 42. Ra2 fxe4 43. fxe4 Rf8 0-1

[Event "Championship Moscow 2019"]
[Site "?Ð"]
[Date "2019.04.01"]
[Round "3.31"]
[White "Bogaudinov, Rushan"]
[Black "Grigoryev, Vladislav"]
[Result "1-0"]
[WhiteElo "2123"]
[BlackElo "1741"]
[PlyCount "139"]
[EventDate "2019.03.30"]

1. d4 c5 2. d5 g6 3. e4 Bg7 4. c4 b5 5. cxb5 a6 6. b6 Qxb6 7. Nc3 d6 8. Nf3 Nd7
9. Be2 Ngf6 10. O-O O-O 11. Rb1 Bb7 12. Re1 Rfe8 13. Nd2 Qc7 14. Nc4 Nb6 15.
Bf4 Nxc4 16. Bxc4 Nh5 17. Be3 Qa5 18. Na4 Rab8 19. Bd2 Qc7 20. Bc3 Bc8 21. Bxg7
Kxg7 22. Nc3 Rb4 23. b3 Qa5 24. Qc1 e5 25. dxe6 Bxe6 26. Nd5 Bxd5 27. Qc3+ f6
28. exd5 Qd8 29. Rxe8 Qxe8 30. Re1 Qf7 31. g4 Nf4 32. g5 Rb7 33. Re4 Nh5 34.
Re6 Qf8 35. Bxa6 Rc7 36. Be2 Nf4 37. gxf6+ Kf7 38. Bc4 Qh6 39. a4 Qg5+ 40. Kf1
Qg2+ 41. Ke1 Qg1+ 42. Kd2 Qxf2+ 43. Kc1 Qg1+ 44. Re1 Qg5 45. Qe3 Qxf6 46. Qe8+
Kg7 47. Kb1 Rf7 48. a5 Qc3 49. Re7 Rxe7 50. Qxe7+ Kg8 51. Qd8+ Kf7 52. Qc7+ Kg8
53. Qb6 Qe1+ 54. Ka2 Qd2+ 55. Ka3 Qc3 56. Ka4 Nd3 57. Bxd3 Qxd3 58. Qb8+ Kf7
59. Qb7+ Kf6 60. a6 c4 61. a7 c3 62. a8=Q c2 63. Qf8+ Kg5 64. Qbe7+ Kg4 65.
Qe6+ Kg5 66. Qef6+ Kg4 67. Qf4+ Kh3 68. Qc8+ Kg2 69. Qcg4+ Kh1 70. Qe4+ 1-0

[Event "Championship Moscow 2019"]
[Site "?Ð"]
[Date "2019.04.01"]
[Round "3.32"]
[White "Gerasimov, Vadim"]
[Black "Brygov, Igor"]
[Result "1/2-1/2"]
[WhiteElo "1688"]
[BlackElo "2052"]
[PlyCount "77"]
[EventDate "2019.03.30"]

1. d4 e6 2. c4 Nf6 3. Nf3 b6 4. g3 Bb7 5. Bg2 Be7 6. O-O O-O 7. Nc3 Ne4 8. Qc2
f5 9. Rd1 Nxc3 10. Qxc3 Bf6 11. b3 c5 12. e3 cxd4 13. exd4 Be4 14. Bb2 Qc7 15.
Qe3 Qb7 16. Rac1 Nc6 17. Ne1 Bxg2 18. Nxg2 b5 19. Ba1 bxc4 20. bxc4 Rfe8 21.
Qf3 Na5 22. Qa3 Qc7 23. Ne3 f4 24. gxf4 Nb7 25. Ng2 Nd6 26. Qd3 Rac8 27. c5 Nf5
28. Bb2 Ne7 29. Re1 Rf8 30. Ba3 Qc6 31. Qe4 Qa4 32. Re3 Qxd4 33. Qxd4 Bxd4 34.
Rd3 Nc6 35. Rc4 e5 36. Rd2 Rb8 37. h3 g5 38. fxg5 Rfe8 39. Rc1 1/2-1/2

[Event "Championship Moscow 2019"]
[Site "?Ð"]
[Date "2019.04.01"]
[Round "3.34"]
[White "Tarasov, Danila"]
[Black "Kudryaev, Ivan"]
[Result "1-0"]
[WhiteElo "1934"]
[BlackElo "1667"]
[PlyCount "127"]
[EventDate "2019.03.30"]

1. e4 c5 2. d4 cxd4 3. c3 Nf6 4. e5 Nd5 5. Nf3 d6 6. Bc4 e6 7. cxd4 Be7 8. O-O
O-O 9. Qe2 b6 10. Qe4 Bb7 11. Bd3 g6 12. Bh6 Re8 13. Nbd2 Bc6 14. Qg4 Nb4 15.
Bb1 Nd7 16. h4 dxe5 17. dxe5 Nf8 18. h5 Nd3 19. Qc4 Bxf3 20. Nxf3 Nb4 21. a3
Rc8 22. Qe4 Nc6 23. Ba2 Kh8 24. g3 gxh5 25. Bxf8 Bxf8 26. Bb1 f5 27. exf6 Rc7
28. f7 Rxf7 29. Qxc6 Bg7 30. Be4 Bxb2 31. Rad1 Qe7 32. a4 Bf6 33. Kg2 Rg8 34.
Rh1 h4 35. Rh3 h6 36. Rdh1 Qc5 37. Qxc5 bxc5 38. Nxh4 Bd4 39. Nf3 Bg7 40. Rc1
Rc7 41. Rh5 c4 42. Nh4 Bf8 43. Ng6+ Kg7 44. Nxf8 Rxf8 45. Rc3 Rb8 46. Rb5 Rxb5
47. axb5 Rc5 48. Kf3 Kf6 49. Kf4 Rxb5 50. Rxc4 a5 51. Rc6 a4 52. Ra6 Rb4 53.
Ke3 Rb3+ 54. Kd4 Rb4+ 55. Kd3 Rb2 56. f3 h5 57. Rxa4 Rg2 58. Ra5 Rxg3 59. Rxh5
e5 60. Rh6+ Ke7 61. Bd5 Kd7 62. Ke4 Rg5 63. Re6 Rg1 64. Rxe5 1-0

[Event "Championship Moscow 2019"]
[Site "?Ð"]
[Date "2019.04.01"]
[Round "3.35"]
[White "Anisimov, Yuri"]
[Black "Volkov, Andreiy"]
[Result "1-0"]
[WhiteElo "1919"]
[BlackElo "1628"]
[PlyCount "105"]
[EventDate "2019.03.30"]

1. d4 d5 2. c4 e6 3. Nf3 Nf6 4. g3 Be7 5. Bg2 O-O 6. O-O c6 7. Qc2 b6 8. b3 Ba6
9. Nbd2 Nbd7 10. e4 dxe4 11. Nxe4 Rc8 12. Be3 Nxe4 13. Qxe4 Nf6 14. Qc2 b5 15.
Ne5 bxc4 16. bxc4 Qe8 17. Qa4 Bb7 18. Qxa7 Ba8 19. c5 Qd8 20. a4 Rc7 21. Qb6
Nd7 22. Nxd7 Qxd7 23. a5 Rcc8 24. Rfb1 Bf6 25. Qb4 Rfd8 26. a6 Bxd4 27. Bxd4
Qxd4 28. Qxd4 Rxd4 29. a7 Rdd8 30. Rb6 Kf8 31. f4 Ke7 32. Bf1 g6 33. Kf2 Rc7
34. Rb8 Rb7 35. Rxb7+ Bxb7 36. Rb1 Ba8 37. Rb8 Kd7 38. Ba6 Kc7 39. Rxd8 Kxd8
40. Ke3 Kc7 41. Kd4 f6 42. g4 Kd7 43. h4 h6 44. Ke4 Ke7 45. g5 hxg5 46. fxg5
Kf7 47. gxf6 Kxf6 48. Bc8 e5 49. Bg4 Bb7 50. Bh3 Ba8 51. Bc8 Kf7 52. Kxe5 Ke7
53. Ba6 1-0

[Event "Championship Moscow 2019"]
[Site "Moscow]
[Date "2019.04.01"]
[Round "3.1"]
[White "Afanasieva, Alexandra"]
[Black "Diakonova, Ekaterina"]
[Result "1/2-1/2"]
[WhiteElo "2093"]
[BlackElo "2239"]
[PlyCount "117"]
[EventDate "2019.??.??"]
[WhiteClock "0:03:14"]
[BlackClock "0:02:05"]

1. e4 c6 2. d4 d5 3. Nc3 dxe4 4. Nxe4 Bf5 5. Ng3 Bg6 6. h4 h6 7. Nf3 Nd7 8. h5
Bh7 9. Bd3 Bxd3 10. Qxd3 e6 11. Bd2 Ngf6 12. O-O-O Be7 13. Kb1 Qb6 14. c4 Rd8
15. Qe2 O-O 16. Bc1 Rfe8 17. Qc2 Qc7 18. Ne2 c5 19. g4 Nxg4 20. Rdg1 f5 21. Nf4
Bd6 22. Nxe6 Rxe6 23. Qxf5 Rf6 24. Qxg4 Nb6 25. d5 Bf4 26. Nd2 Rf7 27. Re1 Na4
28. Qe6 b5 29. Rhg1 Kh8 30. Ne4 Bxc1 31. Rxc1 Re7 32. Qf5 Rf7 33. Qe6 Re7 34.
Qf5 Rf7 35. Qg6 Qe5 36. Rc2 Rf4 37. Rg4 Rxg4 38. Qxg4 bxc4 39. d6 Rb8 40. Qe2
Qd4 41. Kc1 Nb6 42. Rd2 Qe5 43. Nc3 Qf5 44. Qd1 Nd7 45. Qe2 Rf8 46. Qxc4 Qxh5
47. Qd5 Qxd5 48. Nxd5 h5 49. f4 g6 50. Rg2 Kh7 51. Rg5 Kh6 52. Ne7 Rxf4 53.
Rxg6+ Kh7 54. Rg5 h4 55. Rh5+ Kg7 56. Rxh4 Rxh4 57. Nf5+ Kf6 58. Nxh4 Ke5 59.
Nf3+ 1/2-1/2

[Event "Championship Moscow 2019"]
[Site "Moscow]
[Date "2019.04.01"]
[Round "3.2"]
[White "Utiatskaja, Irina"]
[Black "Zaitseva, Lyudmila"]
[Result "1-0"]
[WhiteElo "2214"]
[BlackElo "1926"]
[PlyCount "127"]
[EventDate "2019.??.??"]
[WhiteClock "0:02:04"]
[BlackClock "0:06:57"]

1. Nf3 Nf6 2. c4 g6 3. Nc3 Bg7 4. e4 O-O 5. d4 c6 6. Bd3 d5 7. cxd5 cxd5 8. e5
Ne8 9. h3 Nc6 10. O-O Nc7 11. Re1 f6 12. exf6 exf6 13. Be3 Be6 14. Qd2 Re8 15.
Na4 b6 16. Rac1 Na5 17. b3 Rc8 18. Bh6 Nb7 19. Nc3 Nd6 20. Bxg7 Kxg7 21. Nh2
Qd7 22. Nf1 Bf5 23. Be2 Qf7 24. Ne3 Be6 25. Qb2 Nf5 26. Nxf5+ Bxf5 27. Bf3 Be6
28. Re3 Qd7 29. Qa3 a5 30. Rce1 Kf7 31. Qb2 Bf5 32. b4 Qc6 33. bxa5 bxa5 34.
Qa3 Be6 35. Rb1 Ra8 36. Qa4 Qd6 37. Rb7 Re7 38. Qb3 Rd8 39. Rb6 Qd7 40. Qa3 Ra8
41. Rd6 Qe8 42. Bxd5 Bxd5 43. Nxd5 Nxd5 44. Rxd5 Rxe3 45. Qxe3 Qxe3 46. fxe3
Ke6 47. Rb5 f5 48. a4 Ra7 49. Kf2 Kd6 50. Kf3 Kc6 51. Kf4 Kd6 52. g4 fxg4 53.
hxg4 Rf7+ 54. Ke4 Ra7 55. Kd3 Ke6 56. e4 Kf6 57. g5+ Ke6 58. Rb6+ Kd7 59. d5
Rc7 60. Ra6 Rc1 61. Kd4 Rg1 62. Ra7+ Kd8 63. Ke5 Rxg5+ 64. Ke6 1-0

[Event "Championship Moscow 2019"]
[Site "Moscow]
[Date "2019.04.01"]
[Round "3.3"]
[White "Zotova, Anastasia"]
[Black "Davydova, Kira"]
[Result "1/2-1/2"]
[WhiteElo "2148"]
[BlackElo "1901"]
[PlyCount "109"]
[EventDate "2019.??.??"]
[WhiteClock "0:04:00"]
[BlackClock "0:08:30"]

1. e4 d6 2. d4 g6 3. Nc3 Bg7 4. f4 a6 5. Nf3 b5 6. a3 Bb7 7. Be3 Nf6 8. Bd3 O-O
9. O-O Ng4 10. Bc1 c5 11. dxc5 dxc5 12. Qe1 c4 13. Be2 Qb6+ 14. Kh1 Nd7 15. Qh4
Ne3 16. Bxe3 Qxe3 17. e5 f6 18. Rfe1 Qb6 19. Rad1 Nc5 20. a4 Rad8 21. axb5 axb5
22. Rxd8 Rxd8 23. exf6 exf6 24. f5 g5 25. Qg4 Bc6 26. h3 Qb7 27. Bf1 Qf7 28.
Nd4 h5 29. Nxc6 hxg4 30. Nxd8 Qd7 31. Ne6 Qd2 32. Rd1 Qf2 33. Nxc5 Qxc5 34.
hxg4 Bf8 35. Be2 Qf2 36. Rd8 Kf7 37. Rd7+ Ke8 38. Rd5 Bc5 39. Rxc5 Qxc5 40. Bf3
b4 41. Ne4 Qe5 42. c3 b3 43. Kg1 Kf7 44. Kf2 Kg7 45. Nd2 Qd6 46. Nxc4 Qd3 47.
Be2 Qe4 48. Kf1 Qf4+ 49. Ke1 Kf8 50. Nd2 Qa4 51. Bd1 Qa1 52. Nxb3 Qxb2 53. Nd2
Qxc3 54. Bf3 Ke7 55. Ke2 1/2-1/2

[Event "Championship Moscow 2019"]
[Site "Moscow]
[Date "2019.04.01"]
[Round "3.4"]
[White "Charochkina, Daria"]
[Black "Kirchei, Viktoriia"]
[Result "1-0"]
[WhiteElo "2333"]
[BlackElo "2122"]
[PlyCount "117"]
[EventDate "2019.??.??"]
[WhiteClock "0:02:58"]
[BlackClock "0:01:53"]

1. d4 Nf6 2. Nf3 e6 3. b3 d5 4. Bb2 c5 5. e3 Nc6 6. Bd3 Bd6 7. O-O O-O 8. Ne5
Nd7 9. f4 cxd4 10. exd4 f5 11. c4 Nf6 12. c5 Bc7 13. Nd2 Nxe5 14. dxe5 Ne4 15.
Bxe4 fxe4 16. b4 b6 17. Nb3 a5 18. Bc3 Ba6 19. Rf2 Bc4 20. Nd4 Qe7 21. cxb6
Bxb6 22. bxa5 Bc5 23. Qd2 Bd3 24. Qe3 Rfc8 25. f5 exf5 26. Rd1 Rf8 27. Kh1 Rae8
28. e6 Qf6 29. g3 Rb8 30. a6 Rbc8 31. e7 Rfe8 32. g4 Qxe7 33. Rxf5 Ba7 34. Ba1
Rf8 35. Rxd3 Rxf5 36. gxf5 Qh4 37. Rc3 Rb8 38. Rc1 Qf6 39. a3 Qxa6 40. Rg1 Qd3
41. Qxd3 exd3 42. Rd1 Bc5 43. Kg2 Bxa3 44. Rxd3 Bd6 45. Ne6 Ra8 46. Bxg7 Ra2+
47. Kf3 Bxh2 48. Rxd5 Ra3+ 49. Kg2 Ra2+ 50. Kh3 Bg1 51. Be5 Bb6 52. Rd6 Ra3+
53. Kg4 Bf2 54. Rd8+ Kf7 55. Rd7+ Ke8 56. Rxh7 Ra4+ 57. Kg5 Ra5 58. Kf6 Be1 59.
Re7# 1-0

[Event "Championship Moscow 2019"]
[Site "?Ð"]
[Date "2019.04.01"]
[Round "3.5"]
[White "Korchagina, Alena"]
[Black "Mirzoeva, Elmira"]
[Result "1/2-1/2"]
[WhiteElo "2167"]
[BlackElo "2281"]
[PlyCount "153"]
[EventDate "2019.03.30"]

1. Nf3 Nf6 2. c4 b6 3. g3 Bb7 4. Bg2 g6 5. O-O Bg7 6. Nc3 O-O 7. Qc2 c5 8. d4
cxd4 9. Nxd4 Bxg2 10. Kxg2 Qc8 11. Qd3 Na6 12. Nc2 Qc6+ 13. Kg1 Rfc8 14. Ne3
Nc5 15. Qb1 e6 16. Rd1 Rd8 17. Nb5 d5 18. Nd4 Qb7 19. cxd5 Nxd5 20. Nf3 Na4 21.
Qc2 Nxe3 22. Rxd8+ Rxd8 23. Bxe3 Nxb2 24. Rc1 h6 25. h4 Qd7 26. Bf4 Qa4 27. Qc7
Rd1+ 28. Kg2 Rxc1 29. Qxc1 Qxa2 30. Bxh6 Qc4 31. Qd2 Bxh6 32. Qxh6 Qxe2 33. h5
Qe4 34. Qg5 Nd3 35. Qd8+ Kh7 36. hxg6+ Qxg6 37. Qh4+ Kg7 38. Qd4+ e5 39. Nxe5
Nxe5 40. Qxe5+ Qf6 41. Qe4 a5 42. Qg4+ Kh6 43. Qd7 Qe6 44. Qb5 Kg6 45. Kh2 Qd6
46. Kg2 Kf6 47. g4 Qc5 48. Qb2+ Ke6 49. f4 a4 50. f5+ Ke7 51. Qe2+ Kd6 52. Kh3
Qc3+ 53. Kh4 Qh8+ 54. Kg5 Qg7+ 55. Kh5 Qh8+ 56. Kg5 Qd4 57. Qh2+ Qe5 58. Qd2+
Kc5 59. Qc2+ Kb5 60. Qe2+ Ka5 61. Qd2+ Kb5 62. Qd7+ Kb4 63. Qxf7 a3 64. Kg6 Qa5
65. Qe7+ Kb3 66. Qe3+ Kc2 67. Qe2+ Kb1 68. Qd1+ Ka2 69. Qe2+ Kb3 70. Qd3+ Kb4
71. Qd2+ Ka4 72. Qxa5+ bxa5 73. f6 a2 74. f7 a1=Q 75. f8=Q Qb1+ 76. Qf5 Qb6+
77. Kf7 1/2-1/2

[Event "Championship Moscow 2019"]
[Site "?Ð"]
[Date "2019.04.01"]
[Round "3.6"]
[White "Gvanceladze, Anna"]
[Black "Miroshnik, Ekaterina"]
[Result "1/2-1/2"]
[WhiteElo "2264"]
[BlackElo "2039"]
[PlyCount "132"]
[EventDate "2019.03.30"]

1. d4 d5 2. Nf3 Nf6 3. c4 e6 4. Nc3 Bb4 5. Bg5 O-O 6. e3 h6 7. Bxf6 Qxf6 8.
cxd5 exd5 9. a3 Bxc3+ 10. bxc3 Bf5 11. Be2 Nd7 12. O-O c6 13. a4 Rfd8 14. Qb3
Rab8 15. Rfe1 Bg4 16. Rab1 Nb6 17. h3 Bxf3 18. Bxf3 Nc4 19. Qa2 Qe7 20. Be2 b5
21. Bxc4 bxc4 22. Rb2 Qe4 23. Reb1 Rxb2 24. Rxb2 Qd3 25. Qa3 Qd1+ 26. Kh2 Qc1
27. a5 Kh7 28. Qb4 f5 29. g3 Re8 30. Ra2 Re6 31. Qb2 Qd1 32. Qe2 Qxe2 33. Rxe2
c5 34. Rb2 cxd4 35. exd4 Kg6 36. Kg2 Kf6 37. Rb5 Rd6 38. Kf3 g5 39. g4 fxg4+
40. Kxg4 Kg6 41. f4 h5+ 42. Kg3 Kf5 43. fxg5 Kxg5 44. h4+ Kg6 45. Kf4 Kf6 46.
Rc5 a6 47. Rc8 Re6 48. Rf8+ Kg6 49. Rg8+ Kf6 50. Rg5 Re4+ 51. Kg3 Re3+ 52. Kf4
Re4+ 53. Kg3 Re3+ 54. Kf2 Rxc3 55. Rxd5 Rd3 56. Rxh5 Rxd4 57. Ke3 Rg4 58. Rh6+
Ke5 59. Rh5+ Kd6 60. Kd2 Rg3 61. Kc2 Kc6 62. Kb2 Rh3 63. Kc2 Rg3 64. Kd2 Rh3
65. Kc2 Rg3 66. Kd2 Rh3 1/2-1/2

[Event "Championship Moscow 2019"]
[Site "?Ð"]
[Date "2019.04.01"]
[Round "3.7"]
[White "Borisova, Ekaterina"]
[Black "Zakharova, Evgenia"]
[Result "1-0"]
[WhiteElo "2255"]
[BlackElo "1892"]
[PlyCount "35"]
[EventDate "2019.03.30"]

1. d4 Nf6 2. c4 g6 3. g3 Bg7 4. Bg2 O-O 5. Nc3 d6 6. Nf3 Nbd7 7. O-O e5 8. e4
exd4 9. Nxd4 Nc5 10. h3 Re8 11. Re1 a5 12. Qc2 Nfxe4 13. Nxe4 Bxd4 14. Bg5 Nxe4
15. Bxd8 Bxf2+ 16. Qxf2 Nxf2 17. Rxe8+ Kg7 18. Kxf2 1-0

[Event "Championship Moscow 2019"]
[Site "?Ð"]
[Date "2019.04.01"]
[Round "3.8"]
[White "Gorovenko, Darya"]
[Black "Kanevskaya, Anna"]
[Result "0-1"]
[WhiteElo "2134"]
[BlackElo "2136"]
[PlyCount "113"]
[EventDate "2019.03.30"]

1. Nf3 d5 2. g3 Nf6 3. Bg2 c6 4. O-O Bg4 5. b3 Nbd7 6. Bb2 Qc7 7. d4 e6 8. c4
Be7 9. Nbd2 O-O 10. a3 a5 11. Rc1 h6 12. Ne5 Bf5 13. Re1 Rfd8 14. Nd3 Qb6 15.
e4 Bh7 16. Qc2 dxe4 17. Nxe4 Rac8 18. c5 Qa6 19. Ne5 Qa7 20. b4 Nd5 21. Qb3 b5
22. Ra1 Qc7 23. Bh3 N7f6 24. Nd2 Ra8 25. Ndf3 Ra6 26. Nxf7 Kxf7 27. Rxe6 Kf8
28. Rae1 Re8 29. Nh4 Bd8 30. Qf3 Qf7 31. Bf5 Bxf5 32. Rxe8+ Nxe8 33. Nxf5 Bf6
34. Bc1 axb4 35. axb4 Ra8 36. Qg4 Rd8 37. Bd2 Ne7 38. Nxe7 Bxe7 39. Qe4 Rd5 40.
Ra1 Qf5 41. Qe3 Nf6 42. Ra6 Qd7 43. Bc3 Rf5 44. Ra8+ Kf7 45. Qd3 Nd5 46. Bd2
Qe6 47. h3 Qg6 48. Qe2 Rf6 49. Qe5 Qf5 50. Qe2 Qxh3 51. Ra7 Qf5 52. Bf4 Re6 53.
Be5 Kg6 54. g4 Qb1+ 55. Kh2 Bf6 56. Qf3 Bxe5+ 57. dxe5 0-1

[Event "Championship Moscow 2019"]
[Site "?Ð"]
[Date "2019.04.01"]
[Round "3.9"]
[White "Seregina, Maria"]
[Black "Fominykh, Maria"]
[Result "0-1"]
[WhiteElo "1853"]
[BlackElo "2259"]
[PlyCount "62"]
[EventDate "2019.03.30"]

1. f4 d5 2. Nf3 h5 3. d3 Nc6 4. g3 h4 5. Nxh4 Rxh4 6. gxh4 e5 7. Be3 Nh6 8.
fxe5 Qxh4+ 9. Bf2 Qb4+ 10. Nc3 Qxb2 11. Nxd5 Bb4+ 12. Nxb4 Qc3+ 13. Qd2 Qxa1+
14. Qd1 Qxd1+ 15. Kxd1 Nxb4 16. Rg1 Ng4 17. Bd4 Nc6 18. Bc5 g6 19. h4 Be6 20.
Bh3 Ncxe5 21. Bd4 f5 22. Bxe5 Nxe5 23. h5 Kf7 24. hxg6+ Nxg6 25. e4 Nf4 26.
exf5 Bxa2 27. Bf1 Bd5 28. c4 Bc6 29. Kd2 Rg8 30. Rxg8 Kxg8 31. Ke3 Bg2 0-1

[Event "Championship Moscow 2019"]
[Site "?Ð"]
[Date "2019.04.01"]
[Round "3.10"]
[White "Zakharova, Anna"]
[Black "Dumcheva, Julia"]
[Result "0-1"]
[WhiteElo "1820"]
[BlackElo "2168"]
[PlyCount "70"]
[EventDate "2019.03.30"]

1. e4 c6 2. d4 d5 3. Nd2 dxe4 4. Nxe4 Bf5 5. Ng3 Bg6 6. Bc4 e6 7. N1e2 Nf6 8.
h4 h6 9. Nf4 Bh7 10. O-O Nd5 11. h5 Bd6 12. Nfe2 Nd7 13. Bd3 O-O 14. Bxh7+ Kxh7
15. Qd3+ f5 16. c4 Nb4 17. Qb3 Qh4 18. f4 b6 19. a3 Na6 20. c5 Bc7 21. Qxe6 Nf6
22. Qxf5+ Kh8 23. Qc2 Ng4 24. Rf3 bxc5 25. dxc5 Nxc5 26. Nd4 Rad8 27. b4 Rxd4
28. bxc5 Qh2+ 29. Kf1 Bxf4 30. Qe2 Qh4 31. Kg1 Qh2+ 32. Kf1 Qxg3 33. Rxg3 Bxg3+
34. Kg1 Re4 35. Be3 Nxe3 0-1

[Event "Championship Moscow 2019"]
[Site "?Ð"]
[Date "2019.04.01"]
[Round "3.11"]
[White "Sayafarova, Anna"]
[Black "Nur-Mukhametova, Alisa"]
[Result "0-1"]
[WhiteElo "1794"]
[BlackElo "2164"]
[PlyCount "78"]
[EventDate "2019.03.30"]

1. e4 c5 2. Nf3 e6 3. d4 cxd4 4. Nxd4 Nf6 5. Nc3 d6 6. Be2 Be7 7. O-O O-O 8.
Nb3 Nc6 9. Be3 a6 10. a4 b6 11. f4 Bb7 12. Bf3 Qc7 13. Qe2 Rfe8 14. Qf2 Nd7 15.
g4 Rac8 16. g5 Nc5 17. Bg2 Bf8 18. h4 Na5 19. Nd2 Nd7 20. h5 Nc4 21. Nxc4 Qxc4
22. Bxb6 Nxb6 23. Qxb6 Rb8 24. Qe3 d5 25. Qd3 Qc5+ 26. Kh1 dxe4 27. Nxe4 Qf5
28. Rae1 Red8 29. Qg3 Rd4 30. Nf6+ Kh8 31. Bxb7 Rxb7 32. c3 Rd3 33. Rf3 Rxf3
34. Qxf3 gxf6 35. b4 Rd7 36. Re3 fxg5 37. Qa8 Qd5+ 38. Qxd5 Rxd5 39. c4 gxf4
0-1